| 000 | 00598cam a2200181 i 4500 | ||
|---|---|---|---|
| 005 | 20251202123210.0 | ||
| 008 | 250721q2006 ua gr 000 0 ara d | ||
| 082 | 1 | 4 |
_a214 _bح س ا |
| 100 | 1 |
_aحسان، محمد _eمؤلف. |
|
| 245 | 1 | 0 |
_aحقيقة التوحيد / _cتاليف محمد حسان. |
| 264 | 3 | 1 |
_aالمنصورة : _bمكتبة فياض للتجارة و التوزيع، _c[2002و2008] |
| 300 | _a400 صفحة. | ||
| 650 | 1 | 7 | _aالعقيدة الدينية. |
| 650 | 1 | 7 | _aالشهادتان. |
| 653 | _aالتوحيد | ||
| 942 |
_2ddc _cBK |
||
| 999 |
_c101963 _d101963 |
||